| 000 | 00815cam a2200265 a 4500 | ||
|---|---|---|---|
| 001 | 8941 | ||
| 003 | BD-RjUL | ||
| 005 | 20211208234701.0 | ||
| 008 | 140120r19671940enka 001 0 eng | ||
| 020 | _a0521092329 (pbk.) | ||
| 035 | _a(BD-RjUL)8986 | ||
| 040 |
_aDLC _cDLC _dDLC _dBD-RjUL _beng |
||
| 041 | _aeng | ||
| 082 | 0 | 0 |
_a533.7 _219 _bJEI 1967 |
| 100 | 1 |
_aJeans, James Hopwood, _d1877-1946. _927770 |
|
| 245 | 1 | 3 |
_aAn introduction to the kinetic theory of gases / _cJames Jeans. |
| 260 |
_aCambridge [Cambridgeshire] : _bCambridge University Press, _c1967 |
||
| 300 |
_a311 p. : _bill. ; _c22 cm. |
||
| 504 | _aIncludes indexes. | ||
| 650 | 0 |
_aKinetic theory of gases. _925960 |
|
| 942 |
_2ddc _cBK |
||
| 999 |
_c8941 _d8941 |
||